| 000 | 00551cam a22002051 4500 | ||
|---|---|---|---|
| 001 | sa 68016446 | ||
| 003 | DLC | ||
| 005 | 20260227112654.0 | ||
| 008 | 720608s1966 xx 000 0 ind | ||
| 010 | _asa 68016446 | ||
| 035 | _a(OCoLC)327234 | ||
| 040 |
_aDLC _cOAU _dDLC |
||
| 042 | _apremarc | ||
| 050 | 0 | 0 |
_aDS644.1.A4 _bD54 |
| 100 | 1 | _aDjaja, Putera. | |
| 245 | 0 | 0 |
_aKisah Aidit mati; _bgembong petualang G. 30 S. |
| 260 |
_aMedan, _b"Harris" _c[1966] |
||
| 300 |
_a30 p. _billus., plans, port. _c27 cm. |
||
| 600 | 1 | 0 |
_aAidit, D. N., _d1923-1965. |
| 999 |
_c87101 _d87101 |
||